[Event "1st GMA Cup"]
[Site "Manila PHI"]
[Date "2006.11.23"]
[Round "9"]
[White "Sadorra,J"]
[Black "Vakhidov,T"]
[Result "1-0"]
[WhiteElo "2374"]
[BlackElo "2522"]

1.Nf3 Nf6 2.c4 c5 3.Nc3 d5 4.cxd5 Nxd5 5.d4 Nxc3 6.bxc3 g6 7.Bg5 Bg7 8.Qd2 h6
9.Bf4 cxd4 10.cxd4 Nc6 11.e3 O-O 12.Rb1 Qa5 13.Bd3 g5 14.Bg3 f5 15.Bc4+ Kh7
16.Be5 Qxd2+ 17.Kxd2 Nxe5 18.Nxe5 Bxe5 19.dxe5 Rd8+ 20.Ke2 b6 21.Rhd1 Bb7
22.Be6 f4 23.exf4 gxf4 24.Rbc1 Rxd1 25.Rxd1 Bc8 26.Bd5 Rb8 27.Rc1 Bg4+ 28.Bf3 Be6
29.Rc7 Kg6 30.Rxe7 Kf5 31.Bg4+ Kxg4 32.Rxe6 Rc8 33.Rxh6 Re8 34.e6 f3+ 35.gxf3+ Kg5
36.Rh7 Rxe6+ 37.Kd3 a5 38.h4+ Kg6 39.Rd7 Kh5 40.Rg7 Kxh4 41.f4 Kh5 42.Rg2 b5
43.Rg5+  1-0

[Event "19th Belgrade Trophy"]
[Site "Belgrade SRB"]
[Date "2006.11.24"]
[Round "3"]
[White "Likavsky,T"]
[Black "Dudukovic,N"]
[Result "1-0"]
[WhiteElo "2480"]
[BlackElo "2095"]

1.Nf3 Nf6 2.c4 c5 3.Nc3 b6 4.d4 cxd4 5.Nxd4 Bb7 6.f3 d6 7.e4 e6 8.Be2 a6
9.O-O Nbd7 10.Be3 Be7 11.a4 O-O 12.a5 bxa5 13.Nb3 Qc7 14.Nxa5 Bc8 15.Qd2 Rb8
16.Rfc1 Nc5 17.b4 Nb7 18.Nb3 Nc5 19.Nd4 e5 20.bxc5 exd4 21.Bxd4 dxc5 22.Be3 Rb3
23.Nd5 Nxd5 24.cxd5 Bd6 25.h3 Qb6 26.Ra2 Re8 27.Rac2 Qb8 28.Bd3 Bd7 29.Bxa6 f5
30.Bd3 fxe4 31.Bxe4 Qd8 32.Bxc5 Bg3 33.d6 Kh8 34.Bf2 Qh4  1-0

[Event "19th Belgrade Trophy"]
[Site "Belgrade SRB"]
[Date "2006.11.24"]
[Round "3"]
[White "Djurdjevic,P"]
[Black "Stanojevic,B"]
[Result "0-1"]
[WhiteElo "1993"]
[BlackElo "2333"]

1.Nf3 c5 2.c4 Nf6 3.Nc3 e6 4.d4 cxd4 5.Nxd4 Bb4 6.Bd2 Nc6 7.Nc2 Be7 8.e3 a6
9.Be2 Qc7 10.Rc1 b6 11.O-O Bb7 12.b3 O-O 13.e4 Rfd8 14.Be3 Bc5 15.Bg5 Be7
16.Be3 d6 17.Na4 Nd7 18.f4 Rac8 19.Bd3 Bf6 20.Qe2 Nc5 21.Nxc5 bxc5 22.Qf2 Qa5
23.Rfd1 Qxa2 24.e5 dxe5 25.Bxc5 exf4 26.Bb6 Bb2 27.Bxd8 Bxc1 28.Qh4 f5 29.Bg5 Ne5
30.Bxf4 Ng6 31.Qe1 Nxf4 32.Rxc1 Nxd3 33.Qxe6+ Kh8  0-1

[Event "ch-ESP Abierto"]
[Site "Leon ESP"]
[Date "2006.11.26"]
[Round "5"]
[White "Perez Aleman,P"]
[Black "Marcos Pinto,L"]
[Result "1/2-1/2"]
[WhiteElo "2180"]
[BlackElo "1987"]

1.Nf3 Nf6 2.c4 c5 3.Nc3 d5 4.cxd5 Nxd5 5.g3 Nc6 6.Bg2 e6 7.O-O Be7 8.d3 O-O
9.Ne4 b6 10.h4 Bb7 11.Qd2 Rc8 12.b3 h6 13.Bb2 f5 14.Nc3 Bf6 15.Rad1 Nd4 16.Nxd5 Bxd5
17.e4 Nxf3+ 18.Bxf3 fxe4 19.Bxf6 Qxf6 20.dxe4 Bxb3 21.axb3 Qxf3 22.Qc2  1/2-1/2

[Event "19th Belgrade Trophy"]
[Site "Belgrade SRB"]
[Date "2006.11.28"]
[Round "7"]
[White "Lalev,D"]
[Black "Rajkovic,Du"]
[Result "0-1"]
[WhiteElo "2409"]
[BlackElo "2506"]

1.c4 Nf6 2.Nc3 c5 3.Nf3 b6 4.e4 d6 5.d4 cxd4 6.Nxd4 Bb7 7.f3 e6 8.Be2 a6
9.O-O Nbd7 10.Be3 Be7 11.a4 Rb8 12.a5 bxa5 13.Qa4 O-O 14.Qxa5 Qc8 15.Qa2 Re8
16.Rfc1 Ba8 17.Rab1 Rb4 18.Nc2 Rb8 19.Bf2 Bd8 20.b4 Bb7 21.Nd4 Ne5 22.c5 dxc5
23.Na4 c4 24.Bxc4 Nxc4 25.Rxc4 Qd7 26.Nc5 Qe7 27.Nxb7 Qxb7 28.Nc6 Rc8 29.Qc2 h6
30.Rc1 Ra8 31.Nxd8 Rexd8 32.h3 Qb5 33.Bc5 Rd7 34.Bd4 Rad8 35.Bxf6 gxf6 36.Qf2 Rd1+
37.Kh2 Rxc1 38.Rxc1 Qxb4 39.Qg3+ Kf8 40.Rc7 Qd6 41.Ra7 Qb6 42.Rc7 Qb8 43.h4 a5
44.Kh3 Rc8 45.Rxc8+ Qxc8 46.Qd6+ Kg7 47.e5 Qc3 48.exf6+ Qxf6 49.Qc6 Qd4 50.Qc7 Qd5
51.Qc3+ Kh7 52.g4 Kg8 53.Qc8+ Kg7 54.Qc3+ e5 55.Kh2 a4 56.Qb4 Qb3 57.Qd6 Qe3  0-1

[Event "19th Belgrade Trophy"]
[Site "Belgrade SRB"]
[Date "2006.11.28"]
[Round "7"]
[White "Cvetkovic,Sr"]
[Black "Radosavljevic,S"]
[Result "1-0"]
[WhiteElo "2396"]
[BlackElo "2254"]

1.c4 Nf6 2.Nc3 c5 3.Nf3 g6 4.e4 Nc6 5.d4 cxd4 6.Nxd4 Bg7 7.Be3 O-O 8.Be2 d6
9.O-O a6 10.Qd2 Nxd4 11.Bxd4 Be6 12.f4 Rc8 13.b3 b5 14.Qe3 bxc4 15.f5 Bd7
16.Bxc4 Ng4 17.Qd2 Qa5 18.Rad1 Bc6 19.f6 Bh6 20.Qe1 Qh5 21.h3 Nxf6 22.Bxa6 Ra8
23.Bc4 Bg7 24.a4 Nd7 25.Bxg7 Kxg7 26.Nd5 Qe5 27.Qh4 e6 28.Ne7 d5 29.exd5 exd5
30.Nxd5 Bxd5 31.Rxd5  1-0

[Event "66th ch-ITA"]
[Site "Cremona ITA"]
[Date "2006.11.29"]
[Round "7"]
[White "Borgo,G"]
[Black "Caruana,F"]
[Result "0-1"]
[WhiteElo "2420"]
[BlackElo "2474"]

1.c4 Nf6 2.Nc3 c5 3.Nf3 e6 4.d4 cxd4 5.Nxd4 a6 6.a3 d5 7.cxd5 Nxd5 8.Bd2 Nf6
9.Bg5 Be7 10.e3 O-O 11.Bd3 h6 12.Bh4 Nd5 13.Bxe7 Nxe7 14.Qh5 Nbc6 15.Nxc6 Nxc6
16.Rd1 Qb6 17.b4 Qc7 18.Qc5 b6 19.Qc4 Bb7 20.O-O Rac8 21.Qe4 Rfd8 22.Qh7+ Kf8
23.Be4 Rxd1 24.Rxd1 f5 25.Bf3 Ne7 26.Bxb7 Qxb7 27.Ne2 Kf7 28.Nf4 Qd7 29.Rf1 Qd2
30.Nh5 Qb2 31.h3 Rd8 32.e4 Ng6 33.e5  0-1

[Event "Polyarniy Krug"]
[Site "Salekhard RUS"]
[Date "2006.11.29"]
[Round "1"]
[White "Yakovich,Yur"]
[Black "Semenova,E"]
[Result "1-0"]
[WhiteElo "2576"]
[BlackElo "1797"]

1.c4 c5 2.Nf3 Nf6 3.Nc3 e6 4.g3 d5 5.cxd5 exd5 6.d4 Nc6 7.Bg2 Be7 8.O-O O-O
9.Bg5 cxd4 10.Nxd4 h6 11.Be3 Be6 12.Qa4 Qd7 13.Nxe6 fxe6 14.Rad1 Bd6 15.Kh1 Rac8
16.f4 Qe7 17.Bg1 Bc5 18.Bxc5 Qxc5 19.e4 d4 20.Ne2 Ng4 21.Bh3 Qh5 22.Bxg4 Qxg4
23.Nxd4 Nxd4 24.Qxd4 Rfd8 25.Qxd8+ Rxd8 26.Rxd8+ Kh7 27.Rd2 Qg6 28.Re2 Qf6
29.Rd1 Qe7 30.Kg2 Qb4 31.b3 h5 32.Rd3 a5 33.Rf3 Qb5 34.Rc2 Qb4 35.Re2 Qb5
36.Ree3 Qb4 37.Rf2 Qd4 38.Rfe2 b5 39.Rf3 Qd1 40.Rff2 Qd4 41.f5 e5 42.f6 gxf6
43.Rxf6 Qd3 44.Rff2 a4 45.bxa4 bxa4 46.Kh3 Kg6 47.Re1 Qd7+ 48.Rf5 Qd2 49.Rb1 Qxa2
50.Rb6+ Kg7 51.Rg5+ Kf7 52.Rxh5 Qe2 53.Rf5+ Kg7 54.Rxe5 Qd3 55.Re7+ Kf8 56.Ra7 Qd8
57.Rb2 Qc8+ 58.Kg2 Qe8 59.h4 Qxe4+ 60.Kh2 Qe5 61.Rf2+ Kg8 62.Rxa4 Qe3 63.Rg4+ Kh7
64.Rf7+ Kh6 65.Rgf4 Qe2+ 66.Kh3 Qe6+ 67.g4 Qe3+ 68.Rf3  1-0

[Event "19th Belgrade Trophy"]
[Site "Belgrade SRB"]
[Date "2006.11.30"]
[Round "9"]
[White "Pavlovic,Milo"]
[Black "Stanojoski,Z"]
[Result "1/2-1/2"]
[WhiteElo "2507"]
[BlackElo "2488"]

1.Nf3 Nf6 2.c4 c5 3.Nc3 g6 4.d4 cxd4 5.Nxd4 Bg7 6.e4 O-O 7.Be2 Nc6 8.Be3 d6
9.O-O Bd7 10.Nb3 a5 11.Nd2 Nb4 12.Rb1 Na6 13.Nb3 a4 14.Nd4 Nc5 15.f3 Qa5
16.Qd2 Rfc8 17.Rfc1 Ne6 18.Nc2 h5 19.Qe1 Kh7 20.Kh1 Bc6 21.Qf2 Nd7 22.Bd2 Qb6
23.Be3 Qa5 24.Bd2 Qb6 25.Be3  1/2-1/2

[Event "FSGM December"]
[Site "Budapest HUN"]
[Date "2006.12.02"]
[Round "13"]
[White "Banusz,T"]
[Black "Prohaszka,P2"]
[Result "0-1"]
[WhiteElo "2450"]
[BlackElo "2392"]

1.c4 Nf6 2.Nf3 e6 3.Nc3 c5 4.g3 d5 5.cxd5 exd5 6.d4 Nc6 7.Bg2 Be7 8.O-O O-O
9.Bg5 cxd4 10.Nxd4 h6 11.Be3 Bg4 12.h3 Be6 13.Qa4 Na5 14.Nxe6 fxe6 15.Rad1 a6
16.Bd4 b5 17.Qc2 Rc8 18.Qb1 Qc7 19.Qg6 Nc4 20.Rc1 Bc5 21.e3 Qd6 22.b3 Ne5
23.Qb1 Ba3 24.Rcd1 Ned7 25.Ne2 e5 26.Bb2 Bxb2 27.Qxb2 Qe6 28.a4 bxa4 29.bxa4 Rc4
30.Qb7 Rc5 31.Rc1 Qd6 32.Qa7 Rfc8 33.Rxc5 Rxc5 34.Qa8+ Kh7 35.Qd8 Rc2 36.Re1 Qb4
37.Kf1 Nc5 38.Qc8 Qxe1+  0-1

[Event "XV Asiad Men's Rapid"]
[Site "Doha QAT"]
[Date "2006.12.03"]
[Round "4"]
[White "Amanov,M"]
[Black "Megaranto,S"]
[Result "1/2-1/2"]
[WhiteElo "2339"]
[BlackElo "2492"]

1.c4 Nf6 2.Nc3 c5 3.Nf3 e6 4.d4 cxd4 5.Nxd4 a6 6.g3 Nc6 7.Bg2 Qb6 8.Nxc6 bxc6
9.O-O Be7 10.e4 d6 11.Be3 Qc7 12.f4 O-O 13.g4 Rb8 14.g5 Nd7 15.b3 Re8 16.Qd2 Bb7
17.f5 Bf8 18.Rad1 Ne5 19.Bd4 Rbd8 20.Qf2 c5 21.Bxe5 dxe5 22.fxe6 fxe6 23.Rxd8 Rxd8
24.Bh3 Qe7 25.Qg3 Re8 26.Rd1 g6 27.Bg2 Bg7 28.h4 Rd8 29.Qg4 Rxd1+ 30.Qxd1 Bc6
31.Bh3 Kf7 32.Qf3+ Ke8 33.Qg4 Bd7 34.Qd1 h6 35.Qd2 hxg5 36.hxg5 Qf7 37.Qf2 Bf8
38.Qxf7+ Kxf7 39.Kf2 Be7 40.Na4 Bxa4 41.bxa4 Bxg5 42.Kf3 Bd2 43.Bg4 Ke7 44.Bh3 Kd6
45.Ke2 Bb4 46.Kd3 Be1 47.Bg4 Kc6 48.Bxe6 Kb6 49.Bc8 Ka5 50.Ke2 Bh4 51.Kd3 Kxa4
52.Bxa6 Ka3 53.Bb7 Kxa2 54.Ke2 Kb3 55.Bd5 Bg3 56.Kf3 Bf4 57.Be6 Kc3 58.Bd5 Kd3
59.Kg4 g5 60.Kf3 Kd4 61.Kg4 Ke3 62.Bc6 Kd3 63.Bd5  1/2-1/2

[Event "ch-ROM"]
[Site "Predeal ROM"]
[Date "2006.12.04"]
[Round "8"]
[White "Sfarlog,T"]
[Black "Barnaure,V"]
[Result "1/2-1/2"]
[WhiteElo "2161"]
[BlackElo "2433"]

1.Nf3 Nf6 2.c4 c5 3.Nc3 g6 4.g3 b6 5.Bg2 Bb7 6.O-O Bg7 7.Re1 O-O 8.e4 d6
9.d4 cxd4 10.Nxd4 Qd7 11.b3 Nc6 12.Nxc6 Bxc6 13.Bb2 Rac8 14.Qe2 Qb7 15.Nd5 Rfe8
16.Nb4 e5 17.Rad1 Bd7 18.Nd5 Nxd5 19.cxd5 b5 20.Bc1 Bf6 21.Be3 Bd8 22.Rc1 Ba5
23.Red1 Kg7 24.h4 h5 25.Kh2 Bb4 26.Rxc8 Rxc8 27.Rc1 Rxc1 28.Bxc1 Qc8 29.Be3 a5
30.Qd1 Bc3 31.Qc1 f6 32.Bf1 b4 33.a4 f5 34.Bd3 Kf7 35.Bb6 Qb8 36.Be3 fxe4
37.Bxe4 Bf5 38.Bxf5 gxf5 39.Qd1 Kg6 40.Qd3  1/2-1/2

[Event "3rd Rapid Masters"]
[Site "Benidorm ESP"]
[Date "2006.12.08"]
[Round "4"]
[White "Vidarte Morales,A"]
[Black "Fokin,Se RUS"]
[Result "1/2-1/2"]
[WhiteElo "2405"]
[BlackElo "2157"]

1.c4 Nf6 2.Nc3 c5 3.Nf3 b6 4.g3 Bb7 5.Bg2 e6 6.O-O Be7 7.Re1 d6 8.e4 a6 9.d4 cxd4
10.Nxd4 Qc7 11.Be3 Nbd7 12.Rc1 O-O 13.f4 Rfe8 14.g4 Nc5 15.Bf2 g6 16.b4 Ncd7
17.Nd5 exd5 18.cxd5 Qb8 19.Nc6 Bxc6 20.dxc6 Nf8 21.e5 dxe5 22.c7 Qc8 23.Bxa8 Qxa8
24.fxe5 Bxb4 25.Rf1 N6d7 26.Qb3 Be7 27.Bh4 Bc5+ 28.Rxc5 Ne6 29.Rc3 Ndc5 30.Qc4 Qc6
31.Rcf3 Qxc7 32.Rxf7 Qxf7 33.Rxf7 Kxf7 34.Bf2 Rc8 35.Qd5 Rc7 36.Be3 Rd7 37.Qf3+ Ke8
38.Qc6 Ke7 39.Qxb6 Nd3 40.Qxa6 Nxe5 41.Qb5 Kf6 42.g5+ Kf5 43.Qb1+ Rd3 44.Kf1 Nxg5
45.Ke2 Ne4 46.Qf1+ Ke6 47.Qh3+ Kd5 48.Qg2 Ra3 49.Qh3 Rxa2+ 50.Kd1 Nc3+ 51.Ke1 Ke4
52.Bd2 Nf3+ 53.Kf2 Rxd2+ 54.Kf1 Nxh2+ 55.Kg1 Nf3+ 56.Kf1 Ke3 57.Qe6+ Ne4
58.Qxe4+  1/2-1/2

[Event "Open"]
[Site "Granada ESP"]
[Date "2006.12.08"]
[Round "5"]
[White "Gofshtein,Z"]
[Black "Simacek,P"]
[Result "0-1"]
[WhiteElo "2509"]
[BlackElo "2479"]

1.Nf3 Nf6 2.c4 c5 3.Nc3 g6 4.d4 cxd4 5.Nxd4 Bg7 6.e4 d6 7.Be2 Nc6 8.Be3 O-O
9.O-O Nxd4 10.Bxd4 a6 11.Qd3 Bd7 12.f3 Ne8 13.Be3 Bc6 14.Rfd1 Nf6 15.b4 Nd7
16.Rac1 b6 17.Nd5 Re8 18.Bg5 Bf8 19.Kh1 a5 20.a3 Ra7 21.f4 Qa8 22.b5 Bxd5
23.cxd5 Nc5 24.Qe3 Bg7 25.f5 Be5 26.Bh4 Kg7 27.Bg4 f6 28.fxg6 hxg6 29.Re1 Rh8
30.Bg3 Bxg3 31.Qxg3 Qe8 32.Rb1 Rh6 33.h3 Kh7 34.Re3 Rc7 35.Kg1 Nb7 36.a4 Rc4
37.Rc3 Rxc3 38.Qxc3 Nc5 39.Qc4 Kg7 40.Re1 Rh4 41.g3 Rh8 42.h4 Qg8 43.Qd4 Qh7
44.Kg2 Qh6 45.Rf1 Rf8 46.Rf4 Kh8 47.Be6 Qh5 48.Rf3 Kg7 49.Rf2 Rh8 50.Kh3 Qg5
51.Bg4 Qe5 52.Qxe5 dxe5 53.Rc2 Nxe4 54.Bf3 Nc5 55.Rc4 f5 56.Kg2 Rd8 57.Kf2 e4
58.Rxc5 bxc5 59.Be2 Rxd5 60.b6 Rd6  0-1

[Event "Aniversario del Par de Alfiles"]
[Site "Asuncion PAR"]
[Date "2006.12.09"]
[Round "6"]
[White "Valiente,C"]
[Black "Real de Azua,E"]
[Result "0-1"]
[WhiteElo "2276"]
[BlackElo "2396"]

1.c4 Nf6 2.Nc3 c5 3.Nf3 e6 4.e3 Be7 5.d4 cxd4 6.exd4 d5 7.Bd3 dxc4 8.Bxc4 O-O
9.O-O a6 10.a4 Nc6 11.Re1 Nb4 12.Ne5 Bd7 13.Bg5 Bc6 14.Bh4 Bd5 15.Nxd5 Nfxd5
16.Bg3 Rc8 17.Qb3 a5 18.Rad1 Bd6 19.f4 Bxe5 20.Rxe5 g6 21.Bxd5 Nxd5 22.Qf3 Rc2
23.Re2 Qc8 24.f5 exf5 25.Re5 Nf6 26.Rxa5 Ne4 27.Rb5 Rd8 28.Bh4 Re8 29.h3 Rc1
30.Qf1 Rc2 31.Be1 h5 32.Qf4 Qc4 33.Qf1 Qxa4 34.Qd3 Rc7 35.Re5 Rec8 36.Ra5 Qc2
37.Qxc2 Rxc2 38.d5 Rc1 39.Ra1 Rxa1 40.Rxa1 Rd8 41.Ra7 Rd7 42.Kf1 Kg7 43.Bc3+ Nxc3
44.bxc3 Kf6 45.Ra5 Rc7 46.Rb5 Ke5 47.c4 Rxc4 48.Rxb7 f6 49.Rb6 f4 50.Re6+ Kf5
51.Rd6 g5 52.Kf2 Rc2+ 53.Kf1 Rd2 54.Kg1 Ke5 55.Re6+ Kf5 56.Rd6 Re2 57.Kf1 Re8
58.Kf2 Ke5 59.Rd7 Ra8 60.h4 Ra2+ 61.Kf1 g4 62.d6 Rd2 63.Re7+ Kxd6 64.Re4 Rd1+
65.Ke2 Rh1 66.Rxf4 Ke5 67.Rb4 Rxh4 68.g3 Rh3 69.Kf2 Rh2+ 70.Ke3 Kf5  0-1

[Event "13th Open A"]
[Site "Zadar CRO"]
[Date "2006.12.12"]
[Round "3"]
[White "Kovacevic,Bl"]
[Black "Arnaudov,P"]
[Result "1/2-1/2"]
[WhiteElo "2471"]
[BlackElo "2215"]

1.c4 c5 2.Nf3 Nf6 3.Nc3 e6 4.g3 b6 5.Bg2 Bb7 6.O-O Be7 7.b3 O-O 8.Bb2 d6
9.e3 Nbd7 10.Qe2 a6 11.d4 Ne4 12.Rfd1 Nxc3 13.Bxc3 Be4 14.Rac1 Ra7 15.Qb2 Nf6
16.Ne1 Bxg2 17.Nxg2 Qa8 18.Nf4 Qf3 19.Qe2 Qxe2 20.Nxe2 Rc8 21.dxc5 dxc5 22.Be5 Rd8
23.Bxf6 Bxf6 24.Rxd8+ Bxd8 25.Rd1 Be7 26.Nc3 Kf8 27.Kf1 Ke8 28.Ke2 b5 29.cxb5 axb5
30.Rd2 Ra5 31.Rc2 f5 32.Kd3 Bf6 33.Ne2 c4+ 34.bxc4 Ra3+ 35.Kd2 bxc4 36.Rxc4  1/2-1/2

[Event "44th National A ch-IND"]
[Site "Atul IND"]
[Date "2006.12.18"]
[Round "1"]
[White "Kamble,V"]
[Black "Gupta,Ab"]
[Result "0-1"]
[WhiteElo "2346"]
[BlackElo "2481"]

1.Nf3 Nf6 2.c4 c5 3.Nc3 d5 4.cxd5 Nxd5 5.Qa4+ Bd7 6.Qb3 Nb6 7.Ne5 e6 8.g3 Nc6
9.Nxd7 Qxd7 10.Bg2 Be7 11.d3 O-O 12.O-O Rfd8 13.Bf4 Rac8 14.Qb5 Nd5 15.Nxd5 exd5
16.e4 a6 17.Qb3 Nd4 18.Qxd5 Qb5 19.Qc4 Qxb2 20.Rab1 Qxb1 21.Rxb1 b5 22.Qd5 Rxd5
23.exd5 Ne2+ 24.Kf1 Nxf4 25.gxf4 Bd6 26.Re1 Kf8 27.Ke2 Bxf4 28.Kd1 Bxh2 29.Rh1 Be5
30.Rxh7 Ke7 31.Be4 Kd6 32.Rh3 a5 33.Rf3 Bf6 34.Rh3 a4 35.f4 b4 36.Rh2 Rb8
37.Kc1 b3 38.Kb1 Bd4 39.Rh1 Re8  0-1

[Event "44th National A ch-IND"]
[Site "Atul IND"]
[Date "2006.12.20"]
[Round "3"]
[White "Suvrajit,S"]
[Black "Karavade,E"]
[Result "1/2-1/2"]
[WhiteElo "2356"]
[BlackElo "2321"]

1.Nf3 Nf6 2.c4 c5 3.Nc3 d5 4.cxd5 Nxd5 5.g3 Nc6 6.Bg2 Nc7 7.O-O g6 8.d3 Bg7
9.Be3 b6 10.Qd2 O-O 11.Bh6 Rb8 12.Rfd1 e5 13.Bxg7  1/2-1/2

[Event "Harmonie"]
[Site "Groningen NED"]
[Date "2006.12.26"]
[Round "3"]
[White "Ernst,S"]
[Black "Van Beek,Al"]
[Result "1-0"]
[WhiteElo "2512"]
[BlackElo "2379"]

1.c4 c5 2.Nf3 Nf6 3.Nc3 e6 4.g3 b6 5.Bg2 Bb7 6.O-O Be7 7.Re1 Ne4 8.d4 Nxc3
9.bxc3 f5 10.d5 Bf6 11.Qc2 O-O 12.Nd2 g6 13.e4 Bg7 14.exf5 exf5 15.Nf3 Na6
16.h4 Nc7 17.Bf4 b5 18.Rab1 Re8 19.Rxe8+ Nxe8 20.Rxb5 Ba6 21.d6 Bxb5 22.cxb5 Rc8
23.Qa4 c4 24.Ng5 Bxc3 25.Bd5+ Kg7 26.Qxa7 Kf8 27.Nxh7+ Kg7 28.Ng5 Kf8 29.Qe3 Bf6
30.Ne6+ dxe6 31.Qxe6 Nxd6 32.Bh6+ Bg7 33.Qg8+ Ke7 34.Qxg7+ Ke8 35.Be6  1-0

[Event "44th National A ch-IND"]
[Site "Atul IND"]
[Date "2006.12.27"]
[Round "11"]
[White "Karavade,E"]
[Black "Sinha,Sud"]
[Result "1/2-1/2"]
[WhiteElo "2321"]
[BlackElo "2182"]

1.Nf3 c5 2.c4 Nf6 3.Nc3 g6 4.g3 Bg7 5.Bg2 O-O 6.O-O Nc6 7.d4 d6 8.dxc5 dxc5
9.Be3 Qa5 10.Qa4 Nd7 11.Qxa5 Nxa5 12.Nd2 Bxc3 13.bxc3 Rb8 14.Bf4 e5 15.Bh6 Re8
16.Rfd1 Nf6 17.Nb3 Nxc4 18.Nxc5 Ng4 19.Bg5 h6 20.Bc1 Kg7 21.Rb1 b6 22.Rb4 Na5
23.Nb3 Nxb3 24.axb3 Be6 25.c4 Red8 26.Rf1 Bd7 27.f4 a5 28.Rb5 Bxb5 29.cxb5 Rbc8
30.Bc6 exf4 31.gxf4 f5 32.h3 Nf6 33.Bb2 Rd2 34.Be5 Kf7 35.e3 Rc2 36.Rd1 R2xc6
37.bxc6 Rxc6 38.Rd8 g5 39.fxg5 hxg5 40.Kf1 Ke7 41.Rh8 Nd7 42.Bd4 Nc5 43.Rb8 Kd6
44.Ke2 Kc7 45.Be5+ Kd7 46.Bd4  1/2-1/2

[Event "Masters"]
[Site "Singapore SIN"]
[Date "2006.12.28"]
[Round "5"]
[White "Nava,R"]
[Black "Bui Vinh"]
[Result "0-1"]
[WhiteElo "2348"]
[BlackElo "2485"]

1.Nf3 c5 2.c4 Nf6 3.Nc3 b6 4.g3 Bb7 5.Bg2 e6 6.O-O d6 7.Re1 Be7 8.e4 O-O
9.d4 cxd4 10.Nxd4 Qc8 11.Be3 Nbd7 12.f4 a6 13.Rc1 Qc7 14.f5 e5 15.Nd5 Qd8
16.Nc2 Nxd5 17.exd5 a5 18.Na3 Bg5 19.Qd2 Bxe3+ 20.Rxe3 Nc5 21.Rf1 Qf6 22.b3 Ba6
23.Nb1 b5 24.cxb5 Bxb5 25.Rf2 Rfc8 26.Nc3 Bd7 27.Ne4 Nxe4 28.Bxe4 Rc5 29.Rc3 Rac8
30.Rff3 h6 31.Rxc5 Rxc5 32.Rc3 Rxc3 33.Qxc3 Qd8 34.Kg2 Qb6 35.h4 Kf8 36.g4 f6
37.Qd2 Ke7 38.Qc3 Qb4 39.Qe3 Qc5 40.Qd2 Kd8 41.Kf3 Kc7 42.Qe1 Kb6 43.g5 Be8
44.Kg4 Qb4 45.Qe3+ Qd4 46.Qe1 Bf7 47.gxh6 gxh6 48.Kg3 Bxd5 49.Bxd5 Qxd5 50.Qe3+ Qd4
51.Qxd4+ exd4 52.Kf3 Kc5 53.Ke4 Kb4 54.Kxd4 Ka3 55.Kd5 Kxa2 56.Kxd6 Kxb3
57.Ke6 a4 58.Kxf6 a3 59.Ke7 a2 60.f6 a1=Q 61.f7 Qe5+ 62.Kd8 Qd5+ 63.Ke8  0-1

[Event "Masters"]
[Site "Singapore SIN"]
[Date "2006.12.28"]
[Round "6"]
[White "Sadorra,J"]
[Black "Romanov,Al"]
[Result "1-0"]
[WhiteElo "2374"]
[BlackElo "2430"]

1.Nf3 Nf6 2.c4 c5 3.Nc3 g6 4.g3 Bg7 5.Bg2 O-O 6.d4 cxd4 7.Nxd4 Nc6 8.O-O Qb6
9.Nc2 d6 10.Bd2 Bf5 11.b3 Rac8 12.e4 Bg4 13.Qe1 a6 14.Ne3 Be6 15.Ncd5 Bxd5
16.exd5 Ne5 17.Bc3 Nfd7 18.Rd1 f5 19.Bd4 Nf3+ 20.Bxf3 Bxd4 21.Nc2 Be5 22.Kg2 Nf6
23.Qd2 Rf7 24.h4 h5 25.Ne1 Kh7 26.Nd3 Nd7 27.Rfe1 Rg7 28.Qe2 Rf8 29.b4 Bc3
30.Rf1 Ne5 31.Nf4 Rc8 32.c5 Qb5 33.Ne6 Qxe2 34.Bxe2 Rgg8 35.Rb1 Nd7 36.c6 bxc6
37.Bxa6 Ra8 38.dxc6 Nb6 39.b5 Ba5 40.Rfc1 f4 41.c7 Nc8 42.Bxc8  1-0

[Event "Australian Open"]
[Site "Tuggeranong AUS"]
[Date "2006.12.29"]
[Round "2"]
[White "Hu,J"]
[Black "Antic,De"]
[Result "0-1"]
[WhiteElo "2051"]
[BlackElo "2437"]

1.c4 c5 2.Nc3 Nf6 3.Nf3 d5 4.cxd5 Nxd5 5.e4 Nxc3 6.bxc3 g6 7.Bb5+ Nd7 8.O-O Bg7
9.d4 O-O 10.h3 Qc7 11.Be3 b6 12.e5 e6 13.Ng5 Bb7 14.Qg4 Rfd8 15.Ne4 cxd4
16.cxd4 Nxe5 17.Qh4 Ng4 18.Qxg4 f5 19.Qg3 Qxg3 20.Nxg3 Bxd4 21.Bxd4 Rxd4
22.Rfe1 Kf7 23.Rac1 Bd5 24.Rc7+ Kf6 25.a3 h5 26.Ne2 Re4 27.Bd3 Re5 28.Rec1 Rd8
29.Rh7 Bxg2 30.Rcc7 Bf3 31.h4 Rc5 32.Bc4 Rxc4 33.Rxc4 Bxe2 34.Rc3 Rd4 35.Rxa7 Rxh4
36.Rb7 b5 37.Rb6 Rg4+ 38.Kh2 Bc4 39.f3 Rd4 40.Kg3 h4+ 41.Kf2 Rd2+ 42.Ke3 Ra2
43.f4 h3 44.Kd4 h2 45.Rh3 Bd5  0-1

[Event "Czech Christmas"]
[Site "Litomysl CZE"]
[Date "2007.01.01"]
[Round "9"]
[White "Siembab,B"]
[Black "Cerveny,M"]
[Result "0-1"]
[WhiteElo "2190"]
[BlackElo "2297"]

1.Nf3 c5 2.c4 Nf6 3.Nc3 g6 4.g3 Bg7 5.Bg2 O-O 6.O-O d5 7.cxd5 Nxd5 8.Qb3 Nb4
9.d3 Be6 10.Qd1 N8c6 11.Ng5 Bd7 12.Be3 Qa5 13.a3 Na6 14.Rc1 Rab8 15.Nf3 Nd4
16.Nd2 b5 17.Nce4 Qb6 18.b4 cxb4 19.axb4 Nxb4 20.Nc5 Bg4 21.Nf3 Bxf3 22.exf3 Rfd8
23.f4 a5 24.Ne4 Rbc8 25.Rxc8 Rxc8 26.Qb1 Qe6 27.Nd2 Rc2 28.Qd1 a4 29.Ne4 a3
30.Re1 a2 31.Kh1 Nb3  0-1

[Event "XVII Cracovia A"]
[Site "Krakow POL"]
[Date "2007.01.03"]
[Round "8"]
[White "Hera,I"]
[Black "Godlauskas,K"]
[Result "1-0"]
[WhiteElo "2510"]
[BlackElo "2269"]

1.Nf3 Nf6 2.c4 c5 3.Nc3 e6 4.g3 b6 5.Bg2 Bb7 6.O-O Be7 7.Re1 d6 8.e4 a6 9.d4 cxd4
10.Nxd4 Qc7 11.Be3 O-O 12.Rc1 Nbd7 13.f4 Rfe8 14.g4 Nf8 15.Nd5 exd5 16.cxd5 Qb8
17.b4 Bd8 18.Bf2 Ng6 19.Bg3 b5 20.g5 Nd7 21.h4 Nb6 22.h5 Nf8 23.h6 g6 24.Bf1 f6
25.Nc6 Bxc6 26.Rxc6 Nbd7 27.Qa1 Ra7 28.Bh4 Rc7 29.gxf6 Kf7 30.Rxd6 Rc2 31.e5 Bxf6
32.Rxf6+ Nxf6 33.e6+ Kg8 34.Qxf6 Qa7+ 35.Kh1 Qb7 36.Bg2 Rxg2 37.Kxg2 Qxd5+
38.Kg1 Nxe6 39.Rxe6 Qd1+ 40.Be1  1-0

[Event "Open"]
[Site "Verona ITA"]
[Date "2007.01.04"]
[Round "3"]
[White "Sbarra,M"]
[Black "Cardili,M"]
[Result "1/2-1/2"]
[WhiteElo "2290"]
[BlackElo "2079"]

1.c4 c5 2.Nc3 Nf6 3.Nf3 d5 4.e3 Nc6 5.d4 cxd4 6.exd4 Bg4 7.Be3 e6 8.c5 Be7
9.Be2 O-O 10.O-O Ne4 11.Qb3 Nxc3 12.Qxc3 e5 13.Rfe1 Bxf3 14.Bxf3 e4 15.Be2 f5
16.f4 Qc7 17.b4 Bf6 18.b5 Ne7 19.a4 b6 20.Rec1 Rac8 21.Qa3 h6 22.cxb6 Qxb6
23.a5 Qb8 24.Rxc8 Rxc8 25.Rc1 g5 26.Rxc8+ Qxc8 27.Qb2 Qb8 28.g3 Kf7 29.Qc3 Ke6
30.Qc5 g4 31.Bd2 h5 32.Bb4 h4 33.Qc3 h3 34.Bd1 Qxb5 35.Bxe7 Bxe7 36.Qc8+ Kf6
37.Qh8+ Kf7 38.Qh7+ Ke6 39.Qg6+ Bf6 40.Qg8+ Ke7 41.Qh7+ Ke6 42.Qg8+ Ke7 43.Qh7+ Ke6  1/2-1/2

[Event "Open"]
[Site "Verona ITA"]
[Date "2007.01.04"]
[Round "3"]
[White "Stojanovic,Mih"]
[Black "Guido,F"]
[Result "1-0"]
[WhiteElo "2576"]
[BlackElo "2313"]

1.c4 Nf6 2.Nc3 c5 3.Nf3 e6 4.e3 b6 5.d4 cxd4 6.exd4 Bb7 7.Bd3 Be7 8.O-O d5
9.cxd5 Nxd5 10.Bb5+ Bc6 11.Qa4 Bxb5 12.Qxb5+ Qd7 13.Nxd5 exd5 14.a4 Nc6 15.Bf4 O-O
16.Rfc1 Rfc8 17.Rc3 Bd8 18.Ne5 Nxe5 19.Bxe5 Qxb5 20.axb5 Rxc3 21.bxc3 f6
22.Bd6 Kf7 23.Kf1 Ke6 24.Bb4 Kd7 25.Ke2 Kc7 26.Kd3 Kd7 27.g4 Bc7 28.h3 Bf4
29.h4 g6 30.h5 g5 31.c4 dxc4+ 32.Kxc4 Bd6 33.Bd2 Rc8+ 34.Kd5 Rc7 35.Rc1 Rxc1
36.Bxc1 Bc7 37.Ke4 Bd6 38.Kf5 Ke7 39.Bb2 Kf7 40.d5 Be7 41.f3 Bd8 42.d6  1-0

[Event "Open"]
[Site "Verona ITA"]
[Date "2007.01.06"]
[Round "5"]
[White "Mola,P"]
[Black "Guido,F"]
[Result "0-1"]
[WhiteElo "2274"]
[BlackElo "2313"]

1.Nf3 Nf6 2.c4 c5 3.Nc3 e6 4.g3 Nc6 5.Bg2 d5 6.cxd5 Nxd5 7.O-O Be7 8.d4 O-O
9.Nxd5 exd5 10.dxc5 Bxc5 11.Bg5 Qd7 12.Rc1 Bb6 13.a3 h6 14.Bf4 Qe7 15.b4 a6
16.Qxd5 Qxe2 17.Rce1 Qb2 18.Bc1 Qf6 19.Re4 Rd8 20.Qh5 Qf5 21.Qh4 Be6 22.Rf4 Qc2
23.Re4 Bxf2+ 24.Kh1 Rd1 25.Bxh6 gxh6 26.Rxe6 fxe6 27.Qg4+ Kh8 28.Qxe6 Qd3
29.Qxh6+ Kg8 30.Qg5+ Kf8 31.Qf6+ Ke8 32.Ne1 Rxe1 33.Bxc6+ bxc6 34.Qxc6+ Ke7
35.Rxe1+ Bxe1 36.Qxa8 Qf1+  0-1

[Event "Open"]
[Site "Verona ITA"]
[Date "2007.01.06"]
[Round "5"]
[White "Stella,A"]
[Black "Vincenzi,M"]
[Result "1/2-1/2"]
[WhiteElo "2084"]
[BlackElo "2057"]

1.c4 c5 2.Nf3 Nf6 3.Nc3 d5 4.cxd5 Nxd5 5.e4 Nb4 6.Bb5+ Bd7 7.a3 N4c6 8.d4 cxd4
9.Nxd4 a6 10.Be2 Nxd4 11.Qxd4 Nc6 12.Qd1 g6 13.Be3 Bg7 14.Nd5 O-O 15.Nb6 Be6
16.Nxa8 Qxa8 17.Qb1 Nd4 18.Bxd4 Bxd4 19.O-O Qa7 20.Qc2 Qb6 21.Rac1 Rc8 22.Qb1  1/2-1/2

[Event "Keres Mem A"]
[Site "Tallinn EST"]
[Date "2007.01.07"]
[Round "2"]
[White "Ivanov,Sergey1"]
[Black "Volodin,Alek"]
[Result "1/2-1/2"]
[WhiteElo "2534"]
[BlackElo "2354"]

1.Nf3 c5 2.c4 Nf6 3.Nc3 b6 4.e4 d6 5.d4 cxd4 6.Nxd4 Bb7 7.Bd3 Nbd7 8.Qe2 Rc8
9.f4 e6 10.O-O a6 11.Nf3 Qc7 12.Bd2 Be7 13.Rae1 Qc5+ 14.Kh1 Qh5 15.e5 Ng4
16.exd6 Bxd6 17.Be4 Bxe4 18.Nxe4 Bb8 19.h3 Nh6 20.Qd3 Nc5 21.Nxc5 Qxc5 22.Ne5 Rd8
23.Qc3 Nf5 24.Be3 Nxe3 25.Rxe3 O-O 26.Re4 Bxe5 27.fxe5 b5 28.b4 Qc6 29.Rfe1 bxc4
30.Rxc4 Qa4 31.a3 Rd1 32.Rxd1 Qxd1+ 33.Kh2 g6 34.Qe3 Rd8 35.Rc6 Qf1 36.Qf3 Qxf3
37.gxf3 a5 38.b5 Rd3 39.a4 Rd4 40.b6 Rb4 41.Kg3 Kg7 42.Rc5 Rxb6 43.Rxa5 Rb4
44.h4 h6 45.Ra7 Rc4 46.a5 Rc5 47.f4 Rc3+ 48.Kg2 Ra3 49.a6 Kg8 50.Ra8+ Kg7
51.Kf2 Ra4 52.Ke3 Kh7 53.Kd3 Kg7 54.Kc3 Rxf4 55.Kb3 Rf1 56.Kb4 Ra1 57.Kb5 g5
58.hxg5 hxg5 59.Rc8 Rb1+ 60.Kc6 Rc1+ 61.Kb7 Rb1+ 62.Ka8 f6 63.exf6+ Kxf6
64.a7 g4 65.Rb8 Ra1 66.Kb7 Ke5 67.a8=R Rxa8 68.Rxa8 Ke4 69.Kc6 g3 70.Kd6 g2
71.Rg8 Kf3 72.Kxe6 Kf2  1/2-1/2